| 000 | 01181nam0a22002651 4500 | ||
|---|---|---|---|
| 001 | rc\179458 | ||
| 005 | 20030307113416.0 | ||
| 035 | _a(NLR Aleph) 005439285 | ||
| 090 |
_a4739951 _c4739951 |
||
| 100 | _a20030307d1995 u |0rusy50 ca | ||
| 101 | 0 | _arus | |
| 102 | _aRU | ||
| 105 | _aa ||||||||| | ||
| 200 | 1 |
_aПроектирование измерительных преобразователей _e[Учеб. пособие по курсу "Основы конструирования приборов"] _fМоск. гос. техн. ун-т им. Н.Э. Баумана _g[С.М. Заседателев и др.] _gПод ред. А.Г. Лепина |
|
| 210 |
_aМ. _cИзд-во МГТУ _d1995 |
||
| 215 |
_a70, [2] с. _cил. _d20 |
||
| 320 | _aБиблиогр.: с. 70-71 (17 назв.) | ||
| 702 | 1 |
_aЛепин _bА. Г. _gАлексей Гаральдович _4340 |
|
| 702 | 1 |
_aЗаседателев _bС. М. _gСергей Михайлович _4220 |
|
| 712 | 0 | 2 |
_aМосковский техн. ун-т им. Н.Э.Баумана _3RU\NLR\AUTH\889951592 |
| 801 | 0 |
_aRU _bNLR _gpsbo |
|
| 801 | 1 |
_aRU _bELAR _2rusmarc |
|
| 852 |
_aNLR _j96-4/84 |
||
| 942 | _cBOOK | ||
| 980 | _aNB | ||